Statistiques concernant Les pays ayant l'arabe comme seule langue officielle ou comme langue officielle parmi d'autres

Cliquez ici pour prendre le quiz!

Statistiques générales

  • Ce quiz a été pris 192 fois
  • Le résultat moyen est 22 sur 25

Statistiques - réponses

Pays% Correct
AAlgérie
99%
MMaroc
97%
QQatar
96%
TTunisie
96%
YYémen
96%
AArabie Saoudite
95%
IIrak
95%
KKoweït
95%
JJordanie
94%
LLiban
93%
OOman
93%
EÉgypte
91%
MMauritanie
91%
BBahreïn
90%
LLibye
90%
SSyrie
89%
SSoudan
87%
SSomalie
85%
DDjibouti
82%
EÉmirats Arabes Unis
76%
EÉrythrée
75%
IIsraël
73%
TTchad
72%
CComores
63%
PPalestine
50%

Distribution des résultats

Percentile par nombre de réponses

% des personnes avec chaque résultat

Votre développement - résultats

Vous n’avez pas pris ce quiz